Score 0/24 Timer 05:00
4 Plays Today
Hint Answer % Correct
Arthur Fonzarelli (Happy Days)
97.1%
The Hulk (The Incredible Hulk)
95.1%
Mork (Mork & Mindy)
94.6%
JR Ewing (Dallas)
89.3%
Archie Bunker (All in the Family)
87.8%
Mary Richards (Mary Tyler Moore Show)
86.4%
Benjamin Franklin 'Hawkeye' Pierce (M*A*S*H)
84.9%
George Jefferson (The Jeffersons)
82%
Laverne DeFazio (Laverne and Shirley)
80.7%
Lieutenant Theo Kojak (Kojak)
78.4%
Fred Sanford (Sanford and Son)
77.6%
Chrissy Snow (Three's Company)
70%
Hint Answer % Correct
Laura Ingalls (Little House on the Prairie)
69.4%
Bo Duke (The Dukes of Hazzard)
68%
Keith Partridge (The Partridge Family)
64.8%
Josie (Josie and the Pussycats)
64.7%
Felix Unger (The Odd Couple)
63.9%
Alice Hyatt (Alice)
63%
Captain Merrill Stubing (The Love Boat)
54.3%
Louie de Palma (Taxi)
52.5%
Jill Munroe (Charlie's Angels)
40.8%
Andy Travis (WKRP in Cincinnati)
28.2%
Tom Bradford (Eight is Enough)
26.5%
Speed Buggy (Speed Buggy)
20.4%
Remove Ads.
Support Sporcle.
Get the best of Sporcle when you Go Orange. This ad-free experience offers more features, more stats, and more fun while also helping to support Sporcle. Thank you for becoming a member.

You're not logged in!

Compare scores with friends on all Sporcle quizzes.
OR
Log In

Show Comments

Extras

Top Quizzes Today


Score Distribution

Your Account Isn't Verified!

In order to create a playlist on Sporcle, you need to verify the email address you used during registration. Go to your Sporcle Settings to finish the process.

Report this User

Report this user for behavior that violates our Community Guidelines.

Details: